ロード中...

Bharat ek bazaar hein

書誌詳細
第一著者: Vishnu Nagar
出版事項: Rajkamal Prakashan
LEADER 00194 a2200097 4500
020
260 |b Rajkamal Prakashan 
942 |c BK  |6 _ 
245 |a Bharat ek bazaar hein 
100 |a Vishnu Nagar 
999 |c 57294  |d 57294